| 000 | 00561nam a2200193Ia 4500 | ||
|---|---|---|---|
| 008 | 140321s9999 xx 000 0 und d | ||
| 020 | _a9788192426433 | ||
| 050 |
_aHF 5679 _b.G872 2013 |
||
| 100 | _aGriver, Aidan | ||
| 245 |
_aIntroduction to digital accounting / _cAidan Griver. |
||
| 260 |
_aNew Delhi : _bRandom Experts, _cc2013. |
||
| 300 |
_a248 p. : _c24 cm. |
||
| 500 | _aIncludes bibliographical references and index. | ||
| 521 | _aBSA | ||
| 650 |
_aAccounting _xSoftware. |
||
| 650 | _aBusiness planning. | ||
| 942 |
_kFOR _cBK |
||
| 999 |
_c48235 _d48235 |
||